[Event "European Rapid 2011"]
[Site "Warsaw POL"]
[Date "2011.12.18"]
[Round "12"]
[White "Nikologorskiy, Konstantin"]
[Black "Durarbeyli, Vasif"]
[Result "0-1"]
[WhiteTitle "FM"]
[BlackTitle "GM"]
[WhiteElo "2336"]
[BlackElo "2539"]
[WhiteFideId "24111708"]
[BlackFideId "13402935"]
[EventDate "2011.12.17"]

1. c4 e5 2. Nc3 Nc6 3. Nf3 Nf6 4. g3 g6 5. Bg2 Bg7 6. O-O O-O 7. d3 d6 8. Rb1 a5
9. a3 Re8 10. Ne1 Be6 11. Nc2 Qd7 12. e4 Bh3 13. Ne3 Nd4 14. f4 exf4 15. gxf4 c6
16. f5 Bxg2 17. Kxg2 d5 18. cxd5 cxd5 19. Ncxd5 Nxd5 20. Nxd5 Nxf5 21. Bg5 Ra6
22. Kh1 Rd6 23. Qf3 Nd4 24. Qg2 Rxd5 25. exd5 Re2 26. Rf2 Rxf2 27. Qxf2 Qxd5+
28. Qg2 Qb5 29. Rc1 h6 30. Be3 Nf5 31. Bf4 Kh7 32. Rc4 Nh4 33. Qe2 Qd5+ 34. Qe4
Qh5 35. Kg1 Qd1+ 36. Kf2 Nf5 37. b4 axb4 38. Rxb4 b6 39. Bg3 0-1

[Event "European Rapid 2011"]
[Site "Warsaw POL"]
[Date "2011.12.18"]
[Round "13"]
[White "Azarov, Sergei"]
[Black "Mista, Aleksander"]
[Result "0-1"]
[WhiteTitle "GM"]
[BlackTitle "GM"]
[WhiteElo "2667"]
[BlackElo "2587"]
[WhiteFideId "13501470"]
[BlackFideId "1110381"]
[EventDate "2011.12.17"]

1. e4 c5 2. Nf3 Nc6 3. d4 cxd4 4. Nxd4 Nf6 5. Nc3 e5 6. Ndb5 d6 7. Bg5 a6 8. Na3
b5 9. Bxf6 gxf6 10. Nd5 f5 11. Bd3 Be6 12. c3 Bxd5 13. exd5 Ne7 14. Nxb5 Bg7 15.
Na3 e4 16. Be2 O-O 17. O-O Ng6 18. Nc4 Rb8 19. f4 exf3 20. Rxf3 f4 21. Kh1 Qg5
22. Qd2 Be5 23. Bd3 f5 24. Raf1 Kh8 25. g3 Rg8 26. gxf4 Nxf4 27. Qf2 Qg4 28.
Nxe5 dxe5 29. Rxf4 exf4 30. Be2 Qh3 31. d6 Rg7 32. Rd1 Rbg8 33. Bf3 h6 34. c4
Rg3 35. Rf1 R3g7 36. c5 Rb8 37. b3 Rd8 38. Rd1 Rg3 39. Bg2 Qh5 40. Re1 Re3 41.
Rxe3 fxe3 42. Qxe3 Qd1+ 43. Qg1 Qd2 44. h3 Re8 45. Qa1+ Kh7 46. d7 Re1+ 47. Qxe1
Qxe1+ 48. Kh2 Qe5+ 49. Kh1 Qa1+ 50. Kh2 Qd4 51. c6 Qd6+ 52. Kh1 Kg6 53. b4 Kg5
54. a4 Kh4 55. b5 axb5 56. axb5 Kg3 0-1

[Event "European Rapid 2011"]
[Site "Warsaw POL"]
[Date "2011.12.18"]
[Round "13"]
[White "Poetsch, Hagen"]
[Black "Markowski, Tomasz"]
[Result "1/2-1/2"]
[WhiteTitle "IM"]
[BlackTitle "GM"]
[WhiteElo "2408"]
[BlackElo "2606"]
[WhiteFideId "24615137"]
[BlackFideId "1105680"]
[EventDate "2011.12.17"]

1. e4 e5 2. Nf3 Nc6 3. Bc4 Bc5 4. c3 Nf6 5. d4 exd4 6. cxd4 Bb4+ 7. Bd2 Bxd2+ 8.
Nbxd2 d5 9. exd5 Nxd5 10. O-O O-O 11. Ne5 Nxe5 12. dxe5 Nb6 13. Bb3 Be6 14. Bxe6
fxe6 15. Ne4 Qe7 16. Qb3 Rf5 17. f4 Raf8 18. g3 Rd8 19. Rfd1 Rff8 20. Rac1 h6
21. Nc5 Rxd1+ 22. Qxd1 Nd5 23. Qg4 Re8 24. Qg6 b6 25. Ne4 Qf7 26. Nf6+ Nxf6 27.
Qxf7+ Kxf7 28. exf6 c5 29. fxg7 Kxg7 30. Rd1 Kf6 31. Kf2 e5 32. Rd6+ Re6 33.
Rxe6+ Kxe6 34. Ke3 Kf5 35. fxe5 Kxe5 36. g4 b5 37. b3 c4 38. bxc4 bxc4 39. h4 c3
40. Kd3 Kf4 41. g5 hxg5 42. hxg5 Kxg5 43. Kxc3 Kf5 1/2-1/2

[Event "European Rapid 2011"]
[Site "Warsaw POL"]
[Date "2011.12.18"]
[Round "13"]
[White "Dziuba, Marcin"]
[Black "Rajlich, Iweta"]
[Result "1-0"]
[WhiteTitle "GM"]
[BlackTitle "IM"]
[WhiteElo "2589"]
[BlackElo "2428"]
[WhiteFideId "1112953"]
[BlackFideId "1108166"]
[EventDate "2011.12.17"]

1. d4 Nf6 2. c4 g6 3. g3 Bg7 4. Bg2 d5 5. cxd5 Nxd5 6. Nf3 Nb6 7. Nc3 Nc6 8. e3
O-O 9. O-O a5 10. b3 a4 11. Ba3 axb3 12. axb3 Bf5 13. h3 h5 14. Kh2 Re8 15. Qc1
Be6 16. Qb2 Na5 17. Nd2 Nd5 18. Nce4 Bf5 19. Nc4 Nc6 20. Ne5 Nxe5 21. dxe5 c6
22. Nc5 Qc7 23. e4 Bxe5 24. Qd2 Nf4 25. exf5 Nxg2 26. Kxg2 Bxa1 27. Rxa1 Qe5 28.
Bb2 Qd5+ 29. Qxd5 cxd5 30. Rxa8 Rxa8 31. fxg6 fxg6 32. Nxb7 Rb8 33. Na5 Rb5 34.
Bc3 e5 35. b4 d4 36. Bd2 Kf7 37. Kf3 Ke6 38. Ke4 Rb8 39. Nc4 Rb5 40. Nb2 Rb8 41.
Nd3 Rb5 42. f3 Kf6 43. g4 hxg4 44. hxg4 Ke6 45. Be1 Rb8 46. Bg3 Ra8 47. Bxe5 Ra1
48. Bxd4 Rb1 49. Bb2 Kd6 50. g5 Ke6 51. f4 Kd6 52. Bd4 Ke6 53. Bc5 Rb3 54. Nf2
Rb2 55. Nd3 Rb3 56. Kd4 Rb1 57. Kc4 Kf5 58. b5 Ke4 59. b6 Kf5 60. Bb4 1-0

[Event "European Rapid 2011"]
[Site "Warsaw POL"]
[Date "2011.12.18"]
[Round "13"]
[White "Swiercz, Dariusz"]
[Black "Bednarek, Sylwester"]
[Result "1/2-1/2"]
[WhiteTitle "GM"]
[WhiteElo "2584"]
[BlackElo "2320"]
[WhiteFideId "1126881"]
[BlackFideId "1101811"]
[EventDate "2011.12.17"]

1. Nf3 Nf6 2. c4 c5 3. g3 b6 4. Bg2 Bb7 5. O-O e6 6. Nc3 a6 7. d4 cxd4 8. Qxd4
Nc6 9. Qf4 d6 10. Rd1 Qc7 11. b3 Ne5 12. Ba3 Be7 13. Rac1 O-O 14. Qd4 Nxf3+ 15.
exf3 d5 16. Bxe7 Qxe7 17. cxd5 Nxd5 18. Nxd5 Bxd5 19. Qxb6 Qa3 20. Rc2 Rfc8 21.
Rcd2 Rc1 22. Rf1 Rac8 23. h4 h6 24. Qd4 R8c2 25. Rxc2 Rxc2 26. f4 Bxg2 27. Qd8+
Qf8 28. Qxf8+ Kxf8 29. Kxg2 Rxa2 30. Rb1 h5 31. Kf3 Ke7 32. Ke3 Kd6 33. Rd1+ Kc6
34. Rc1+ Kd6 35. Rd1+ Kc6 36. Rc1+ Kd6 37. Rd1+ Kc6 1/2-1/2

[Event "European Rapid 2011"]
[Site "Warsaw POL"]
[Date "2011.12.18"]
[Round "13"]
[White "Berzinsh, Roland"]
[Black "Ruck, Robert"]
[Result "0-1"]
[WhiteTitle "IM"]
[BlackTitle "GM"]
[WhiteElo "2417"]
[BlackElo "2579"]
[WhiteFideId "11600357"]
[BlackFideId "705713"]
[EventDate "2011.12.17"]

1. e4 c5 2. Nf3 d6 3. Bc4 Nf6 4. d3 g6 5. c3 Bg7 6. Bb3 O-O 7. h3 b6 8. O-O Bb7
9. Re1 Nbd7 10. Bc2 Qc7 11. Nbd2 Rac8 12. Nf1 e5 13. N3h2 d5 14. Ng4 d4 15. Nh6+
Kh8 16. Bb3 Nb8 17. Qf3 dxc3 18. bxc3 Rcd8 19. Bg5 Rd6 20. Ne3 b5 21. Rad1 c4
22. dxc4 Nxe4 23. Qg4 f5 24. Qh4 Nxg5 25. Rxd6 Qxd6 26. Qxg5 Bf6 27. Nexf5 gxf5
28. Qxf5 Qd2 29. Re3 Bc8 30. Qf3 Be6 31. cxb5 Bxb3 32. axb3 Nd7 33. Nf5 Bg5 34.
Qg4 Rg8 35. Rg3 Nf6 36. Qc4 Qd1+ 37. Kh2 Bf4 38. Qe6 Qd8 39. Nd6 Bxg3+ 40. fxg3
Qf8 41. Nf7+ Kg7 42. Nxe5 Qe8 43. Qf5 Qh5 44. Qf4 Re8 45. Nc6 Qxb5 46. Nd4 Qe5
47. Nf5+ Kg6 48. Nh4+ Kf7 49. Qf2 a5 50. Nf5 Kg8 51. Nh6+ Kg7 52. Nf5+ Kh8 53.
Nh6 Rf8 54. Qa7 Qe6 55. Qd4 Kg7 56. Ng4 h5 57. Ne5 Re8 58. Nc4 Qd5 59. Qa7+ Kg6
60. Qb6 Re2 61. Qg1 a4 62. Qf1 Qe4 63. Nd6 Qe5 64. Nc4 Qe6 65. Qf3 axb3 0-1

[Event "European Rapid 2011"]
[Site "Warsaw POL"]
[Date "2011.12.18"]
[Round "13"]
[White "Klekowski, Maciej"]
[Black "Fedorov, Alexei"]
[Result "1-0"]
[BlackTitle "GM"]
[WhiteElo "2308"]
[BlackElo "2579"]
[WhiteFideId "1132717"]
[BlackFideId "13500465"]
[EventDate "2011.12.17"]

1. c4 g6 2. Nc3 Bg7 3. g3 Nf6 4. Bg2 O-O 5. d3 d6 6. e3 c5 7. Nge2 Nc6 8. Rb1
Bd7 9. O-O Ne8 10. a3 a5 11. b3 Rb8 12. Bb2 e5 13. Nb5 Ne7 14. d4 cxd4 15. exd4
Bxb5 16. cxb5 Qb6 17. a4 Nc7 18. Qd2 Ne6 19. b4 axb4 20. Qxb4 exd4 21. a5 Qc5
22. Qb3 Qh5 23. Rfe1 Nf5 24. Qa3 Nc5 25. Nf4 Qg5 26. Bc1 Qd8 27. Bd2 d3 28. Nxd3
Bd4 29. Nxc5 dxc5 30. Bf4 Nd6 31. a6 g5 32. Bxd6 Qxd6 33. a7 Ra8 34. Bxb7 Qb6
35. Bxa8 Rxa8 36. Re7 Qf6 37. b6 Qxf2+ 38. Kh1 Qf5 39. Qa2 c4 40. b7 Rxa7 41.
b8=Q+ Kg7 42. Rxa7 1-0

[Event "European Rapid 2011"]
[Site "Warsaw POL"]
[Date "2011.12.18"]
[Round "13"]
[White "Meskovs, Nikita"]
[Black "Nyzhnyk, Illya"]
[Result "0-1"]
[WhiteTitle "FM"]
[BlackTitle "GM"]
[WhiteElo "2292"]
[BlackElo "2562"]
[WhiteFideId "11602740"]
[BlackFideId "14118084"]
[EventDate "2011.12.17"]

1. d4 Nf6 2. c4 g6 3. Nc3 Bg7 4. e4 d6 5. Nf3 O-O 6. h3 e5 7. d5 a5 8. Bg5 Na6
9. g4 Qe8 10. Rg1 Nd7 11. Nd2 Ndc5 12. a3 a4 13. h4 Kh8 14. h5 f6 15. Be3 gxh5
16. gxh5 f5 17. h6 Bf6 18. exf5 Bxf5 19. Qf3 Bg6 20. Qh1 e4 21. O-O-O c6 22. Kc2
Nc7 23. Ndb1 cxd5 24. Nxd5 Nxd5 25. Rxd5 Nd3 26. Nc3 Rc8 27. Bxd3 exd3+ 28. Kd2
Rxc4 29. Rxd6 Bxc3+ 30. bxc3 Rxf2+ 31. Kd1 Bh5+ 32. Kc1 Rxc3+ 33. Kb1 Qb5+ 0-1

[Event "European Rapid 2011"]
[Site "Warsaw POL"]
[Date "2011.12.18"]
[Round "13"]
[White "Krzyzanowski, Marcin"]
[Black "Gabrielian, Artur"]
[Result "0-1"]
[BlackTitle "GM"]
[WhiteElo "2375"]
[BlackElo "2545"]
[WhiteFideId "1132199"]
[BlackFideId "4131002"]
[EventDate "2011.12.17"]

1. e4 g6 2. d4 Bg7 3. Nc3 d6 4. f4 Nf6 5. Nf3 c5 6. Bb5+ Nfd7 7. dxc5 dxc5 8.
O-O a6 9. Bc4 O-O 10. a4 Nc6 11. Be3 Nb6 12. Bb3 Bd4 13. Bxd4 Nxd4 14. Nxd4 cxd4
15. Ne2 Bg4 16. h3 Bxe2 17. Qxe2 Nd7 18. Rad1 Nc5 19. Qc4 Nxe4 20. Qxd4 Qxd4+
21. Rxd4 Nc5 22. Ba2 a5 23. Rfd1 b6 24. Bd5 Rac8 25. b3 Kg7 26. Bc4 h5 27. Re1
Rc7 28. g3 Rfc8 29. Bb5 h4 30. Kf2 hxg3+ 31. Kxg3 Kf6 32. h4 Ne6 33. Rc4 Rxc4
34. Bxc4 Nd4 35. Re5 Nf5+ 36. Kg4 Rh8 37. Rb5 Rxh4+ 38. Kf3 Nd4+ 39. Kg3 Nxb5
40. Kxh4 Nd6 41. Bd3 e5 42. fxe5+ Kxe5 43. Kg5 Ne4+ 44. Kh6 g5 45. Kh5 f5 46. c3
g4 0-1

[Event "European Rapid 2011"]
[Site "Warsaw POL"]
[Date "2011.12.18"]
[Round "13"]
[White "Budrewicz, Krzysztof"]
[Black "Jaracz, Pawel"]
[Result "0-1"]
[BlackTitle "GM"]
[WhiteElo "2229"]
[BlackElo "2542"]
[WhiteFideId "1127950"]
[BlackFideId "1102222"]
[EventDate "2011.12.17"]

1. d4 Nf6 2. c4 e6 3. Nc3 Bb4 4. Qc2 c5 5. Nf3 cxd4 6. Nxd4 b6 7. a3 Bc5 8. Nb3
Nc6 9. e3 O-O 10. Be2 Bb7 11. O-O Be7 12. e4 Rc8 13. Be3 Ne5 14. Nd2 d5 15. cxd5
exd5 16. Bd4 Qc7 17. Bxe5 Qxe5 18. Nf3 Qxe4 19. Qd2 Qf5 20. Nd4 Qg6 21. Bd3 Ne4
22. Qe3 Bg5 23. Qh3 Qf6 24. Nce2 Bf4 25. Kh1 g6 26. Rad1 Be5 27. f3 Nc5 28. b4
Nxd3 29. Rxd3 Rc4 30. Rfd1 Bc8 31. g4 Re8 32. Qg2 Qh4 33. h3 h5 34. Kg1 hxg4 35.
fxg4 Bg7 36. Nf3 Qf6 37. Ned4 Re4 38. Ne2 Rc2 39. Nd2 Re8 40. Nd4 Rb2 41. Qxd5
Rd8 42. g5 Qxd4+ 0-1

[Event "European Rapid 2011"]
[Site "Warsaw POL"]
[Date "2011.12.18"]
[Round "13"]
[White "Potkin, Vladimir"]
[Black "Nguyen, Piotr"]
[Result "1-0"]
[WhiteTitle "GM"]
[WhiteElo "2684"]
[BlackElo "2364"]
[WhiteFideId "4131061"]
[BlackFideId "1127993"]
[EventDate "2011.12.17"]

1. c4 g6 2. d4 f5 3. Nc3 Nf6 4. g3 Bg7 5. Bg2 O-O 6. Nf3 d6 7. O-O Qe8 8. d5 a5
9. Be3 Na6 10. Rc1 Ng4 11. Bd4 Bh6 12. e3 c5 13. dxc6 bxc6 14. Na4 c5 15. Bc3
Bb7 16. Nb6 Rb8 17. Bxa5 Bg7 18. b3 Qd8 19. Ng5 Bxg2 20. Ne6 Qe8 21. Kxg2 Rxb6
22. Bxb6 Qc6+ 23. Qd5 Qxb6 24. Nxc5+ Kh8 25. Nd7 Qa7 26. Nxf8 Bxf8 27. Qd4+ 1-0

[Event "European Rapid 2011"]
[Site "Warsaw POL"]
[Date "2011.12.18"]
[Round "13"]
[White "Deszczynski, Adam"]
[Black "Socko, Bartosz"]
[Result "0-1"]
[BlackTitle "GM"]
[WhiteElo "2356"]
[BlackElo "2635"]
[WhiteFideId "1102753"]
[BlackFideId "1107038"]
[EventDate "2011.12.17"]

1. e4 e6 2. d3 c5 3. Nf3 Nc6 4. g3 d6 5. Bg2 g6 6. O-O Bg7 7. c3 Nge7 8. Be3 e5
9. d4 exd4 10. cxd4 Bg4 11. dxc5 Bxb2 12. Nbd2 dxc5 13. Rb1 Bd4 14. Bxd4 cxd4
15. Rxb7 O-O 16. Qa4 Qc8 17. Rb2 Rd8 18. Rc1 Qd7 19. Rbc2 Rac8 20. Bf1 d3 21.
Rc3 Bxf3 22. Nxf3 d2 23. Rd1 Ne5 24. Qb3 Rxc3 25. Qxc3 Nxf3+ 26. Qxf3 Nc6 27.
Qc3 Qd6 28. Kg2 Ne5 29. Be2 g5 30. f3 h5 31. Kf2 h4 32. Qe3 hxg3+ 33. hxg3 f6
34. f4 Ng6 35. e5 fxe5 36. fxe5 Nxe5 37. Qxg5+ Kf8 38. Qf4+ Kg7 39. Qg5+ Ng6 40.
Bh5 Qd4+ 41. Kg2 Qe4+ 42. Bf3 Qd3 43. Bh5 Rd6 44. Bxg6 Qe2+ 45. Kh3 Rxg6 46.
Qxd2 Rh6+ 47. Qxh6+ Kxh6 48. Rd6+ Kg5 49. Rd5+ Kf6 50. Ra5 Qf1+ 51. Kh2 Qe1 52.
Ra4 Qd2+ 53. Kh1 Qd1+ 0-1

[Event "European Rapid 2011"]
[Site "Warsaw POL"]
[Date "2011.12.18"]
[Round "13"]
[White "Przybylski, Wojciech"]
[Black "Lintchevski, Daniil"]
[Result "0-1"]
[WhiteTitle "FM"]
[BlackTitle "GM"]
[WhiteElo "2330"]
[BlackElo "2575"]
[WhiteFideId "1117599"]
[BlackFideId "4171055"]
[EventDate "2011.12.17"]

1. e4 c6 2. d4 d5 3. Nc3 dxe4 4. Nxe4 Bf5 5. Ng3 Bg6 6. h4 h6 7. Nf3 Nd7 8. h5
Bh7 9. Bd3 Bxd3 10. Qxd3 e6 11. Bf4 Qa5+ 12. Bd2 Bb4 13. Ne4 Ngf6 14. Nd6+ Ke7
15. Nc4 Bxd2+ 16. Nfxd2 Qc7 17. O-O-O Rhd8 18. Kb1 c5 19. Nf3 Kf8 20. Ne3 cxd4
21. Nxd4 Nc5 22. Qe2 Rac8 23. c4 Qe5 24. Rh4 Nce4 25. Nf3 Qa5 26. Qc2 Rxd1+ 27.
Nxd1 Rd8 28. Rh1 Nd2+ 29. Nxd2 Rxd2 30. Qb3 Qf5+ 31. Kc1 Rd7 32. Qa3+ Kg8 33.
Qxa7 Qf4+ 34. Qe3 Qxc4+ 35. Kb1 Nd5 36. Qc1 Qe4+ 37. Qc2 Qxg2 38. Re1 Rc7 39.
Qd3 Qg5 40. Ne3 Qxh5 41. a3 Qe5 42. Ka2 Nxe3 43. Rxe3 Qd5+ 44. Qxd5 exd5 45.
Re8+ Kh7 46. Rd8 g5 47. Rxd5 Kg6 48. a4 h5 49. a5 h4 50. b4 Rc2+ 51. Kb3 Rxf2
52. b5 Rf6 53. Rd8 h3 54. Rh8 g4 55. Kc4 Kg5 56. Kc5 Kf4 57. b6 Rf5+ 58. Kb4 Kg3
59. a6 bxa6 0-1

[Event "European Rapid 2011"]
[Site "Warsaw POL"]
[Date "2011.12.18"]
[Round "13"]
[White "Berzina, Ilze"]
[Black "Vovk, Yuri"]
[Result "0-1"]
[WhiteTitle "WGM"]
[BlackTitle "GM"]
[WhiteElo "2320"]
[BlackElo "2571"]
[WhiteFideId "11601345"]
[BlackFideId "14113171"]
[EventDate "2011.12.17"]

1. e4 e5 2. Nf3 Nc6 3. Bb5 a6 4. Ba4 Nf6 5. O-O Be7 6. Re1 b5 7. Bb3 d6 8. c3
O-O 9. h3 h6 10. d4 Re8 11. Nbd2 Bf8 12. Bc2 Bb7 13. a3 g6 14. Nf1 Bg7 15. Ng3
Na5 16. b3 exd4 17. cxd4 c5 18. Bb2 Nd7 19. Qd2 Rc8 20. Rac1 c4 21. b4 c3 22.
Bxc3 Nc4 23. Qf4 Nxa3 24. Bb3 Qf6 25. Qxf6 Nxf6 26. d5 Nc4 27. Bd4 Nd7 28. Bxg7
Kxg7 29. Bxc4 bxc4 30. Rc3 Nb6 31. Rec1 f5 32. Nd2 fxe4 33. Ngxe4 Red8 34. Nxc4
Nxd5 35. R3c2 Nxb4 36. Nexd6 Nxc2 37. Nxc8 Nd4 38. Rb1 Bxc8 39. Rb8 Nc6 0-1

[Event "European Rapid 2011"]
[Site "Warsaw POL"]
[Date "2011.12.18"]
[Round "13"]
[White "Rogule, Laura"]
[Black "Zontakh, Andrey"]
[Result "0-1"]
[WhiteTitle "WGM"]
[BlackTitle "GM"]
[WhiteElo "2312"]
[BlackElo "2566"]
[WhiteFideId "11601876"]
[BlackFideId "14101130"]
[EventDate "2011.12.17"]

1. c4 e6 2. Nc3 d5 3. cxd5 exd5 4. d4 c6 5. Nf3 Bf5 6. Bf4 Qb6 7. Qc1 Nf6 8. e3
Be7 9. Be2 O-O 10. O-O Nbd7 11. Ne5 Rfe8 12. Qd2 Nxe5 13. Bxe5 Qd8 14. Bd3 Bxd3
15. Qxd3 Ng4 16. Bg3 Bd6 17. Qf5 Bxg3 18. Qxg4 Bd6 19. Rfc1 Re6 20. g3 Rg6 21.
Qf3 Qd7 22. Na4 Rf6 23. Qh5 g6 24. Qe2 h5 25. Nc5 Bxc5 26. Rxc5 h4 27. g4 h3 28.
f3 Re8 29. Rc3 Rfe6 30. Qf2 Qe7 31. Re1 Qf6 32. Rd3 Qg5 33. Kf1 a5 34. Re2 b6
35. Ke1 c5 36. dxc5 bxc5 37. f4 Qd8 38. Qf3 d4 39. Qxh3 Qd5 40. f5 Re4 41. Qh6
Rxg4 42. f6 Rg1+ 43. Kd2 dxe3+ 44. Rxe3 Qg2+ 45. Kc3 Rc1+ 46. Kb3 Rb8+ 47. Ka4
Qg4+ 48. Ka3 0-1

[Event "European Rapid Playoff 2011"]
[Site "Warsaw POL"]
[Date "2011.12.18"]
[Round "1"]
[Board "1"]
[White "Olszewski, Michal"]
[Black "Korobov, Anton"]
[Result "0-1"]
[WhiteTitle "GM"]
[BlackTitle "GM"]
[WhiteElo "2539"]
[BlackElo "2660"]
[WhiteFideId "1121251"]
[BlackFideId "14105730"]
[EventDate "2011.12.18"]

1. d4 d5 2. c4 c6 3. Nf3 Nf6 4. Nc3 e6 5. g3 dxc4 6. Bg2 Nbd7 7. O-O b5 8. e4
Bb7 9. e5 Nd5 10. Ng5 h6 11. Nxe6 fxe6 12. Qh5+ Ke7 13. Ne4 Qe8 14. Bg5+ hxg5
15. Qxh8 Kd8 16. Nxg5 Qg6 17. f4 Kc7 18. Bh3 Kb6 19. Nxe6 Qd3 20. Nxf8 Qxd4+ 21.
Rf2 Rxf8 22. Qxg7 Nxf4 23. gxf4 Rxf4 24. Qg3 Re4 25. Qc3 Qxc3 26. bxc3 Nxe5 27.
Bg2 Re3 28. h4 Rxc3 29. h5 Rg3 30. h6 Rg6 31. h7 Rh6 32. Be4 Ng4 33. Rf4 c5 34.
Rxg4 Bxe4 35. Rxe4 Rxh7 36. a4 a6 37. a5+ Kc6 38. Rae1 c3 39. Kf2 Rh2+ 40. Ke3
b4 41. Re2 Rh3+ 42. Kf4 b3 43. Re6+ Kb5 44. Rb6+ Ka4 0-1

[Event "European Rapid Playoff 2011"]
[Site "Warsaw POL"]
[Date "2011.12.18"]
[Round "1"]
[Board "2"]
[White "Mista, Aleksander"]
[Black "Sjugirov, Sanan"]
[Result "0-1"]
[WhiteTitle "GM"]
[BlackTitle "GM"]
[WhiteElo "2587"]
[BlackElo "2622"]
[WhiteFideId "1110381"]
[BlackFideId "4189302"]
[EventDate "2011.12.18"]

1. e4 c5 2. Nf3 Nc6 3. d4 cxd4 4. Nxd4 Nf6 5. Nc3 g6 6. Be3 Bg7 7. Bc4 O-O 8.
Bb3 e6 9. O-O d5 10. exd5 exd5 11. h3 Be6 12. Re1 Re8 13. Qd2 Qd7 14. Rad1 Bxh3
15. gxh3 Qxh3 16. f3 Nxd4 17. Bxd4 Qg3+ 18. Kh1 Ng4 19. Rxe8+ Rxe8 20. Bg1 Qh3+
21. Bh2 Qxf3+ 22. Kg1 Bh6 23. Qg2 Be3+ 0-1

[Event "European Rapid Playoff 2011"]
[Site "Warsaw POL"]
[Date "2011.12.18"]
[Round "1"]
[Board "3"]
[White "Kempinski, Robert"]
[Black "Movsesian, Sergei"]
[Result "1-0"]
[WhiteTitle "GM"]
[BlackTitle "GM"]
[WhiteElo "2603"]
[BlackElo "2710"]
[WhiteFideId "1105663"]
[BlackFideId "310204"]
[EventDate "2011.12.18"]

1. d4 d5 2. c4 c6 3. e3 Nf6 4. Nf3 Bg4 5. h3 Bxf3 6. Qxf3 e6 7. Bd3 Nbd7 8. Nc3
Bb4 9. Bd2 O-O 10. a3 Ba5 11. O-O Re8 12. Rfd1 Bc7 13. Rac1 Rc8 14. e4 e5 15.
Be3 exd4 16. Bxd4 Be5 17. Bf1 Bxd4 18. Rxd4 Nc5 19. exd5 Nb3 20. Rdd1 Nxc1 21.
dxc6 Qb6 22. cxb7 Rb8 23. Rxc1 Qxb2 24. Rb1 Qxa3 25. Bd3 h6 26. Nd5 Qd6 27.
Nxf6+ gxf6 28. Qf5 Re5 29. Qh7+ Kf8 30. Be4 f5 31. Bd5 Qf6 1-0

[Event "European Rapid Playoff 2011"]
[Site "Warsaw POL"]
[Date "2011.12.18"]
[Round "2"]
[White "Kempinski, Robert"]
[Black "Erdos, Viktor"]
[Result "1-0"]
[WhiteTitle "GM"]
[BlackTitle "GM"]
[WhiteElo "2603"]
[BlackElo "2623"]
[WhiteFideId "1105663"]
[BlackFideId "719978"]
[EventDate "2011.12.18"]

1. d4 d5 2. c4 c6 3. e3 Nf6 4. Nf3 g6 5. Nc3 Bg7 6. Be2 O-O 7. O-O Be6 8. b3 Ne4
9. Nxe4 dxe4 10. Nd2 f5 11. Rb1 Bf7 12. Bb2 Nd7 13. b4 e5 14. Nb3 exd4 15. Bxd4
Bxd4 16. Qxd4 Qe7 17. Na5 c5 18. Qd2 cxb4 19. Nxb7 a5 20. Qd4 Rfc8 21. Nd6 Rc7
22. Nxf7 Qxf7 23. c5 Rxc5 24. Rfd1 Rc2 25. Rb2 Rac8 26. Ba6 R8c7 27. Rxc2 Rxc2
28. Qxd7 Qxd7 29. Rxd7 a4 30. Rb7 Rc1+ 31. Bf1 Rb1 32. g3 Kf8 33. Kg2 Rb2 34.
Bc4 h5 35. h4 Ke8 36. Bb5+ Kd8 37. Bxa4 Kc8 38. Ra7 Kb8 39. Ra5 Kc7 40. Bb3 Kb6
41. Re5 Rd2 42. Re6+ Kc5 43. Rxg6 f4 44. gxf4 Rd7 45. f5 Re7 46. f6 Re5 47. Rg5 1-0

[Event "European Rapid Playoff 2011"]
[Site "Warsaw POL"]
[Date "2011.12.18"]
[Round "2"]
[White "Sjugirov, Sanan"]
[Black "Korobov, Anton"]
[Result "1-0"]
[WhiteTitle "GM"]
[BlackTitle "GM"]
[WhiteElo "2622"]
[BlackElo "2660"]
[WhiteFideId "4189302"]
[BlackFideId "14105730"]
[EventDate "2011.12.18"]

1. e4 c5 2. Nf3 d6 3. d4 cxd4 4. Qxd4 Bd7 5. Be2 Nc6 6. Qe3 g6 7. c4 Bg7 8. h3
Nf6 9. O-O O-O 10. Rd1 Rc8 11. Nc3 Qa5 12. Bd2 Qb6 13. Qxb6 axb6 14. b3 h6 15.
Rac1 Be6 16. Be3 Nd7 17. Na4 Ra8 18. Rd2 Nc5 19. Nxb6 Nxe4 20. Nxa8 Nxd2 21.
Nxd2 Rxa8 22. a4 f5 23. Bf3 g5 24. Re1 Kf7 25. Bh5+ Kf6 26. g3 Bf7 27. Bf3 e5
28. g4 Be6 29. gxf5 Bxf5 30. Ne4+ Ke7 31. Kg2 Rf8 32. Rh1 Nd4 33. Bxd4 exd4 34.
a5 d3 35. Ng3 Bc3 36. Bxb7 Bxa5 37. Nxf5+ Rxf5 38. Be4 Rf4 39. Bxd3 Bb6 40. f3
Rd4 41. Re1+ Kf6 42. Rd1 Bc5 43. Kf1 Rh4 44. Kg2 Rd4 45. Kf1 Rh4 46. Rb1 Bb4 47.
Ra1 Rxh3 48. Kg2 g4 49. Be2 h5 50. Ra4 Be1 51. fxg4 hxg4 52. b4 Re3 53. Kf1 Bc3
54. Bxg4 Re1+ 55. Kf2 Rb1 56. b5 Bd4+ 57. Kg3 Rb3+ 58. Bf3 Ke5 59. Ra8 Bc5 60.
Re8+ Kd4 61. Re4+ Kc3 62. Rg4 Rb4 63. Bd5 Rb3 64. Kf4 Kd4 1-0

[Event "European Rapid Playoff 2011"]
[Site "Warsaw POL"]
[Date "2011.12.18"]
[Round "2"]
[White "Olszewski, Michal"]
[Black "Mista, Aleksander"]
[Result "1-0"]
[WhiteTitle "GM"]
[BlackTitle "GM"]
[WhiteElo "2539"]
[BlackElo "2587"]
[WhiteFideId "1121251"]
[BlackFideId "1110381"]
[EventDate "2011.12.18"]

1. e4 c5 2. Nf3 Nc6 3. c3 Nf6 4. e5 Nd5 5. Bc4 Nb6 6. Bb3 d6 7. exd6 Qxd6 8. Na3
Be6 9. O-O Bxb3 10. Qxb3 e6 11. d4 cxd4 12. Nb5 Qd7 13. Nbxd4 Nxd4 14. Nxd4 Bc5
15. Be3 Rc8 16. Rad1 Qa4 17. Qb5+ Qxb5 18. Nxb5 Nd5 19. Bxc5 Rxc5 20. c4 Nc7 21.
Nd6+ Ke7 22. b3 b5 23. b4 Rc6 24. c5 a6 25. f4 Ne8 26. Ne4 Nf6 27. Nd6 Ne8 28.
Nb7 Nf6 29. Na5 Rc7 30. Rd6 Ra8 31. Rfd1 Nd5 32. Nc6+ Kf6 33. R1xd5 1-0

[Event "European Rapid Playoff 2011"]
[Site "Warsaw POL"]
[Date "2011.12.18"]
[Round "3"]
[White "Kempinski, Robert"]
[Black "Sjugirov, Sanan"]
[Result "0-1"]
[WhiteTitle "GM"]
[BlackTitle "GM"]
[WhiteElo "2603"]
[BlackElo "2622"]
[WhiteFideId "1105663"]
[BlackFideId "4189302"]
[EventDate "2011.12.18"]

1. d4 d5 2. c4 c6 3. e3 Nf6 4. Nf3 Bf5 5. Nc3 e6 6. Nh4 Bg6 7. Bd2 Nbd7 8. Rc1
Bd6 9. Nxg6 hxg6 10. g3 Qe7 11. Qb3 Rb8 12. Bg2 dxc4 13. Qxc4 e5 14. O-O exd4
15. exd4 O-O 16. Rfe1 Qd8 17. Qa4 Nb6 18. Qb3 Re8 19. Be3 Qd7 20. a4 Bf8 21. Bf4
Rbd8 22. Rxe8 Rxe8 23. a5 Nbd5 24. Nxd5 Nxd5 25. Bxd5 cxd5 26. Rc7 Re1+ 27. Kg2
Qf5 28. Qf3 g5 29. Rc1 g4 0-1